Relaciones entre los Monasterios de Camprodón y Moissac (Record no. 159821)

MARC details
000 -LEADER
campo de control de longitud fija 01005nam a22002055i 4500
001 - NÚMERO DE CONTROL
campo de control 159821
003 - IDENTIFICADOR DE NÚMERO DE CONTROL
campo de control ES-MaACL
005 - FECHA Y HORA DE LA ÚLTIMA TRANSACCIÓN
campo de control 20230906211821.0
008 - DATOS DE LONGITUD FIJA--INFORMACIÓN GENERAL
campo de control de longitud fija 990419s1898 sp ab |||| | spa d
040 ## - FUENTE DE CATALOGACIÓN
Centro catalogador/agencia de origen CCPB | B
Lengua de catalogación spa
Centro/agencia transcriptor CCPB | B
100 0# - ENTRADA PRINCIPAL--NOMBRE DE PERSONA
Nombre de persona Miret y Sans, Joaquín.
9 (RLIN) 81584
245 10 - MENCIÓN DEL TÍTULO
Título Relaciones entre los Monasterios de Camprodón y Moissac
Resto del título : noticia histórica /
Mención de responsabilidad, etc. por Joaquín Miret y Sans.
260 ## - PUBLICACIÓN, DISTRIBUCIÓN, ETC.
Lugar de publicación, distribución, etc. Barcelona :
Nombre del editor, distribuidor, etc. [s.n.],
Fecha de publicación, distribución, etc. 1898 (
Fabricante Tip. "L'Avenç", de Massó, Casas & Elias)
300 ## - DESCRIPCIÓN FÍSICA
Extensión 89 p., [2] h. de plan. ;
Dimensiones 22 cm.
510 4# - NOTA DE CITAS O REFERENCIAS BIBLIOGRÁFICAS
Nombre de la fuente Palau,
Localización dentro de la fuente t. IX, 172400
599 #1 - NOTA A LAS ILUSTRACIONES
NOTA A LAS ILUSTRACIONES Las h. de plan. son el "Plano del Monasterio de San Pedro de Camprodrón" y el "Plano de la Abadía y recinto de la Villa de Moissac", entre p. 8 y 9.
610 24 - PUNTO DE ACCESO ADICIONAL DE MATERIA--NOMBRE DE ENTIDAD CORPORATIVA
Nombre de entidad corporativa o nombre de jurisdicción como elemento de entrada Monasterio de San Pedro de Camprodón (Gerona.
9 (RLIN) 134691
610 24 - PUNTO DE ACCESO ADICIONAL DE MATERIA--NOMBRE DE ENTIDAD CORPORATIVA
Nombre de entidad corporativa o nombre de jurisdicción como elemento de entrada Monasterio de Moissac.
9 (RLIN) 134687
852 ## - LOCALIZACIÓN
Ubicación ES-MaACL
Número de control de estantería T-812-F-4
Nota libre -- Enc. hol., conservando la enc. original
-- -- Ded. ms. del autor al Ateneo
-- -- Enc. en un vol. facticio
Holdings
Estatus retirado Estado de pérdida Estado de daño No para préstamo Colección Biblioteca de origen Biblioteca actual Ubicación en estantería Fecha de adquisición Total de préstamos Signatura topográfica completa Código de barras Visto por última vez Precio de reemplazo Tipo de ítem Koha
        Colección de folletos Biblioteca del Ateneo de Madrid Biblioteca del Ateneo de Madrid Depósito folletos 17/01/2008   T-812-F-4 1167310 23/02/2023 23/02/2023 Folleto